[Event "TNMH"]
[Site "Aveiro"]
[Date "2023.12.22"]
[Round "9.1"]
[White "Fidalgo, Andre"]
[Black "Martins, Bruno"]
[Result "1/2-1/2"]
[BlackElo "2334"]
[WhiteElo "2245"]
[LiveChessVersion "1.4.8"]

1. d4 {[%clk 1:30:56]} Nf6 {[%clk 1:30:38]} 2. c4 {[%clk 1:31:20]} e6
{[%clk 1:31:00]} 3. Nf3 {[%clk 1:31:41]} d5 {[%clk 1:31:20]} 4. Nc3
{[%clk 1:32:02]} Bb4 {[%clk 1:29:35]} 5. cxd5 {[%clk 1:32:21]} exd5
{[%clk 1:29:53]} 6. Bg5 {[%clk 1:32:43]} h6 {[%clk 1:30:14]} 7. Bh4
{[%clk 1:33:07]} g5 {[%clk 1:30:26]} 8. Bg3 {[%clk 1:33:30]} Ne4 {[%clk 1:30:50]}
9. Rc1 {[%clk 1:30:31]} h5 {[%clk 1:25:31]} 10. h4 {[%clk 1:16:06]} g4
{[%clk 1:20:10]} 11. Ne5 {[%clk 1:16:00]} Nxg3 {[%clk 1:14:44]} 12. fxg3
{[%clk 1:16:01]} c6 {[%clk 1:12:54]} 13. Nd3 {[%clk 1:14:53]} Bd6
{[%clk 1:12:09]} 14. Nf4 {[%clk 1:15:13]} Qe7 {[%clk 1:07:36]} 15. Ncxd5
{[%clk 1:13:41]} Qd8 {[%clk 1:02:23]} 16. Nc3 {[%clk 1:12:37]} Qb6
{[%clk 1:01:18]} 17. Qd2 {[%clk 1:12:17]} Be6 {[%clk 0:51:57]} 18. e3
{[%clk 1:05:31]} Nd7 {[%clk 0:51:54]} 19. Bd3 {[%clk 1:03:45]} Bxf4
{[%clk 0:48:45]} 20. gxf4 {[%clk 1:03:48]} f5 {[%clk 0:45:38]} 21. b3
{[%clk 0:47:43]} O-O {[%clk 0:43:53]} 22. Ne2 {[%clk 0:42:33]} Rae8
{[%clk 0:39:45]} 23. O-O {[%clk 0:31:47]} Qd8 {[%clk 0:37:15]} 24. g3
{[%clk 0:31:58]} Nf6 {[%clk 0:35:59]} 25. Nc3 {[%clk 0:31:00]} Rf7
{[%clk 0:27:31]} 26. Rfe1 {[%clk 0:28:26]} Rfe7 {[%clk 0:27:34]} 27. Re2
{[%clk 0:20:24]} a6 {[%clk 0:19:50]} 28. Qc2 {[%clk 0:16:21]} Bd5
{[%clk 0:17:22]} 29. Kf2 {[%clk 0:15:36]} Bf3 {[%clk 0:15:59]} 30. Ree1
{[%clk 0:15:53]} Rd7 {[%clk 0:15:44]} 31. Bxf5 {[%clk 0:11:48]} Rd6
{[%clk 0:14:21]} 32. Bd3 {[%clk 0:11:27]} c5 {[%clk 0:14:01]} 33. d5
{[%clk 0:09:31]} Nxd5 {[%clk 0:12:18]} 34. Nxd5 {[%clk 0:08:40]} Bxd5
{[%clk 0:12:46]} 35. Rcd1 {[%clk 0:06:38]} Bf3 {[%clk 0:09:19]} 36. Be2
{[%clk 0:06:52]} Bxe2 {[%clk 0:09:08]} 37. Rxd6 {[%clk 0:06:13]} Qxd6
{[%clk 0:09:26]} 38. Rxe2 {[%clk 0:06:34]} Qc6 {[%clk 0:04:10]} 39. e4
{[%clk 0:06:57]} Rd8 {[%clk 0:03:02]} 40. Kg1 {[%clk 0:05:13]} Rd4
{[%clk 0:02:28]} 41. Kh2 {[%clk 0:04:36]} Kg7 {[%clk 0:01:25]} 42. e5
{[%clk 0:04:02]} Qf3 {[%clk 0:01:20]} 43. Rg2 {[%clk 0:03:57]} Qd5
{[%clk 0:00:57]} 44. Re2 {[%clk 0:00:46]} Qf3 {[%clk 0:00:56]} 45. Rg2
{[%clk 0:00:39]} Qd5 {[%clk 0:01:25]} 46. Re2 {[%clk 0:00:35]} 1/2-1/2

[Event "TNMH"]
[Site "Aveiro"]
[Date "2023.12.22"]
[Round "9.2"]
[White "Reis, Luis"]
[Black "Veiga, Jose"]
[Result "0-1"]
[BlackElo "2357"]
[WhiteElo "2157"]
[LiveChessVersion "1.4.8"]

1. e4 {[%clk 1:30:54]} c5 {[%clk 1:26:21]} 2. Nf3 {[%clk 1:30:30]} Nc6
{[%clk 1:26:21]} 3. Nc3 {[%clk 1:30:31]} e5 {[%clk 1:24:02]} 4. Bc4
{[%clk 1:30:19]} Be7 {[%clk 1:22:23]} 5. d3 {[%clk 1:30:05]} Nf6 {[%clk 1:22:35]}
6. Ng5 {[%clk 1:21:33]} O-O {[%clk 1:20:34]} 7. f4 {[%clk 1:21:27]} exf4
{[%clk 1:18:57]} 8. Bxf4 {[%clk 1:21:08]} d6 {[%clk 1:13:25]} 9. O-O
{[%clk 1:20:32]} Nd4 {[%clk 1:10:43]} 10. Qd2 {[%clk 1:14:04]} Bg4
{[%clk 1:05:47]} 11. Rae1 {[%clk 1:03:24]} h6 {[%clk 0:54:15]} 12. Nh3
{[%clk 1:00:05]} Bxh3 {[%clk 0:49:12]} 13. gxh3 {[%clk 1:00:33]} Nh5
{[%clk 0:49:11]} 14. Nd5 {[%clk 0:32:35]} Bh4 {[%clk 0:41:10]} 15. Re3 b5 16. Bb3
{[%clk 0:19:20]} Ne6 {[%clk 0:41:03]} 17. Ref3 {[%clk 0:16:00]} Nexf4
{[%clk 0:38:00]} 18. Nxf4 {[%clk 0:15:34]} Bg5 {[%clk 0:38:26]} 19. h4
{[%clk 0:13:32]} Bxf4 {[%clk 0:37:47]} 20. Rxf4 {[%clk 0:13:47]} Nxf4
{[%clk 0:38:13]} 21. Qxf4 {[%clk 0:13:37]} Qe7 {[%clk 0:36:45]} 22. Bd5
{[%clk 0:13:03]} Rac8 {[%clk 0:34:37]} 23. Kh1 {[%clk 0:12:45]} Rc7
{[%clk 0:33:28]} 24. Rg1 {[%clk 0:12:57]} Kh8 {[%clk 0:32:43]} 25. c3
{[%clk 0:12:41]} Qe5 {[%clk 0:32:25]} 26. Qg4 {[%clk 0:12:27]} b4
{[%clk 0:30:41]} 27. Rf1 {[%clk 0:10:43]} bxc3 {[%clk 0:30:13]} 28. bxc3
{[%clk 0:11:10]} Qxc3 {[%clk 0:30:10]} 29. Qg6 {[%clk 0:11:38]} Qe5
{[%clk 0:27:19]} 30. Rxf7 {[%clk 0:09:48]} Rcxf7 {[%clk 0:27:22]} 31. Bxf7
{[%clk 0:10:15]} Qf4 {[%clk 0:27:31]} 0-1

[Event "TNMH"]
[Site "Aveiro"]
[Date "2023.12.22"]
[Round "9.3"]
[White "Farias, David"]
[Black "Ribeiro, Gustavo"]
[Result "1-0"]
[BlackElo "2187"]
[WhiteElo "2133"]
[LiveChessVersion "1.4.8"]

1. e4 {[%clk 1:30:57]} e5 {[%clk 1:30:42]} 2. Nf3 {[%clk 1:31:15]} Nc6
{[%clk 1:31:11]} 3. Bb5 {[%clk 1:31:35]} Nf6 {[%clk 1:31:39]} 4. O-O
{[%clk 1:31:57]} Nxe4 {[%clk 1:32:03]} 5. Re1 {[%clk 1:32:08]} Nd6
{[%clk 1:32:18]} 6. a4 {[%clk 1:32:13]} Be7 {[%clk 1:32:36]} 7. Nc3
{[%clk 1:32:08]} O-O {[%clk 1:32:55]} 8. d4 {[%clk 1:32:13]} e4 {[%clk 1:30:08]}
9. Nxe4 {[%clk 1:28:09]} Nxe4 {[%clk 1:30:31]} 10. Rxe4 {[%clk 1:28:37]} d5
{[%clk 1:30:55]} 11. Re1 {[%clk 1:27:41]} Bg4 {[%clk 1:30:43]} 12. Bxc6
{[%clk 1:25:21]} bxc6 {[%clk 1:30:06]} 13. Qd3 {[%clk 1:25:17]} Bxf3
{[%clk 1:27:45]} 14. Qxf3 {[%clk 1:25:00]} Bf6 {[%clk 1:27:53]} 15. c3
{[%clk 1:06:56]} a5 {[%clk 1:21:09]} 16. Bf4 {[%clk 1:06:09]} Rb8
{[%clk 1:21:25]} 17. Re2 {[%clk 1:05:15]} Rb3 {[%clk 1:20:09]} 18. Qg3
{[%clk 0:55:58]} Bxd4 {[%clk 1:15:00]} 19. Bxc7 {[%clk 0:54:36]} Qa8
{[%clk 1:14:57]} 20. Qd6 {[%clk 0:50:30]} Bb6 {[%clk 1:11:29]} 21. Bxb6
{[%clk 0:35:02]} Rxb6 {[%clk 1:11:43]} 22. b4 {[%clk 0:32:46]} Qb8
{[%clk 1:11:44]} 23. Qd7 {[%clk 0:24:57]} Qd8 {[%clk 1:05:53]} 24. Qxd8
{[%clk 0:22:37]} Rxd8 {[%clk 1:06:18]} 25. Rb1 {[%clk 0:19:11]} Rdb8
{[%clk 1:06:04]} 26. Kf1 {[%clk 0:18:40]} Kf8 {[%clk 1:06:20]} 27. Reb2
{[%clk 0:17:50]} Ke7 {[%clk 1:02:08]} 28. Ke2 {[%clk 0:17:25]} c5
{[%clk 1:00:13]} 29. b5 {[%clk 0:16:17]} Kd6 {[%clk 1:00:33]} 30. Kd3
{[%clk 0:15:48]} c4+ {[%clk 1:00:55]} 31. Kd2 {[%clk 0:12:10]} Re8
{[%clk 0:58:37]} 32. Re1 {[%clk 0:11:41]} Re6 {[%clk 0:58:36]} 33. Rbb1
{[%clk 0:05:55]} Kc5 {[%clk 0:49:31]} 34. Rxe6 {[%clk 0:05:27]} fxe6
{[%clk 0:49:51]} 35. Re1 {[%clk 0:05:54]} Kd6 {[%clk 0:49:20]} 36. f4
{[%clk 0:05:42]} h6 {[%clk 0:49:42]} 37. h4 {[%clk 0:04:30]} Rb8 {[%clk 0:49:17]}
38. Re5 {[%clk 0:02:05]} Rf8 {[%clk 0:46:02]} 39. Ke3 {[%clk 0:02:04]} Rf6
{[%clk 0:46:05]} 40. g4 {[%clk 0:00:43]} Rf8 {[%clk 0:46:24]} 41. g5
{[%clk 0:00:35]} h5 {[%clk 0:46:43]} 42. g6 {[%clk 0:00:34]} Rf6 {[%clk 0:47:03]}
43. Rg5 {[%clk 0:00:49]} Kc5 {[%clk 0:46:49]} 44. Rxh5 {[%clk 0:00:40]} Rxg6
{[%clk 0:47:14]} 45. Rg5 {[%clk 0:01:03]} Rh6 {[%clk 0:47:38]} 46. h5
{[%clk 0:00:41]} Kd6 {[%clk 0:47:40]} 47. Kf3 {[%clk 0:00:35]} Rh7
{[%clk 0:47:45]} 48. Kg4 {[%clk 0:00:35]} Ke7 {[%clk 0:47:43]} 49. Rg6
{[%clk 0:00:34]} Kd7 {[%clk 0:47:12]} 50. b6 {[%clk 0:00:32]} Rh8
{[%clk 0:45:41]} 51. Rxg7+ {[%clk 0:00:38]} Kc6 {[%clk 0:45:40]} 52. Re7
{[%clk 0:00:33]} Rg8+ {[%clk 0:44:05]} 53. Kf3 {[%clk 0:00:52]} Kxb6
{[%clk 0:44:11]} 54. Rxe6+ {[%clk 0:01:18]} Kc5 {[%clk 0:44:32]} 55. Ra6
{[%clk 0:00:45]} Rg1 {[%clk 0:44:57]} 56. Rxa5+ {[%clk 0:01:01]} Kc6
{[%clk 0:45:23]} 57. Ra6+ {[%clk 0:01:08]} Kc5 {[%clk 0:45:50]} 58. Ra5+
{[%clk 0:01:31]} Kc6 {[%clk 0:46:16]} 59. Ra6+ {[%clk 0:01:58]} Kc5
{[%clk 0:46:42]} 60. h6 {[%clk 0:01:54]} Rh1 {[%clk 0:45:07]} 61. Kg4
{[%clk 0:00:54]} Rc1 {[%clk 0:44:41]} 62. Rf6 {[%clk 0:00:43]} Rg1+
{[%clk 0:44:54]} 63. Kf3 {[%clk 0:00:44]} Rh1 {[%clk 0:45:16]} 64. a5
{[%clk 0:00:37]} d4 {[%clk 0:44:18]} 65. Rf5+ {[%clk 0:01:00]} Kd6
{[%clk 0:44:45]} 66. cxd4 {[%clk 0:00:41]} Rxh6 {[%clk 0:45:08]} 67. Rc5
{[%clk 0:00:36]} Rh3+ {[%clk 0:45:24]} 68. Ke2 {[%clk 0:00:33]} Ra3
{[%clk 0:44:51]} 69. Rxc4 {[%clk 0:00:34]} Kd5 {[%clk 0:45:09]} 70. Rc5+
{[%clk 0:00:37]} Kxd4 {[%clk 0:45:33]} 71. Re5 {[%clk 0:01:04]} Kc4
{[%clk 0:45:58]} 72. Kf2 {[%clk 0:00:34]} Kd4 {[%clk 0:46:17]} 73. Ke2
{[%clk 0:00:33]} Kc4 {[%clk 0:46:38]} 74. Re4+ {[%clk 0:00:35]} Kb5
{[%clk 0:46:42]} 75. Re3 {[%clk 0:00:37]} Ra2+ {[%clk 0:46:03]} 76. Kf3
{[%clk 0:01:04]} Kxa5 {[%clk 0:46:29]} 77. Rb3 {[%clk 0:01:26]} 1-0

[Event "TNMH"]
[Site "Aveiro"]
[Date "2023.12.22"]
[Round "9.4"]
[White "Ferreira, Luis"]
[Black "Dias, Ricardo"]
[Result "0-1"]
[BlackElo "2189"]
[WhiteElo "2193"]
[LiveChessVersion "1.4.8"]

1. e4 {[%clk 1:30:57]} e5 {[%clk 1:29:14]} 2. Nc3 {[%clk 1:31:19]} Nf6
{[%clk 1:29:39]} 3. Bc4 {[%clk 1:31:45]} Nc6 {[%clk 1:30:02]} 4. d3
{[%clk 1:32:09]} Na5 {[%clk 1:30:22]} 5. Nge2 {[%clk 1:32:28]} c6
{[%clk 1:30:08]} 6. O-O {[%clk 1:31:49]} b5 {[%clk 1:30:29]} 7. Bb3
{[%clk 1:32:09]} b4 {[%clk 1:30:53]} 8. Nb1 {[%clk 1:31:58]} Nxb3
{[%clk 1:31:17]} 9. axb3 {[%clk 1:32:24]} d5 {[%clk 1:31:42]} 10. Ng3
{[%clk 1:32:15]} Bd6 {[%clk 1:28:32]} 11. h3 {[%clk 1:26:06]} O-O
{[%clk 1:27:32]} 12. Qf3 {[%clk 1:25:42]} h6 {[%clk 1:26:14]} 13. Re1
{[%clk 1:24:35]} Re8 {[%clk 1:18:09]} 14. Nd2 {[%clk 1:23:38]} Bf8
{[%clk 1:15:00]} 15. Ndf1 {[%clk 1:22:47]} g6 {[%clk 1:01:02]} 16. Ra4
{[%clk 1:19:28]} Be6 {[%clk 0:51:52]} 17. Bd2 {[%clk 1:12:57]} a5
{[%clk 0:51:43]} 18. exd5 {[%clk 0:55:37]} Bxd5 {[%clk 0:50:29]} 19. Qe2
{[%clk 0:56:02]} Nd7 {[%clk 0:47:56]} 20. Ne3 {[%clk 0:55:38]} Nc5
{[%clk 0:38:54]} 21. Ra2 {[%clk 0:52:55]} Be6 {[%clk 0:34:05]} 22. Ne4
{[%clk 0:48:17]} Nxb3 {[%clk 0:29:18]} 23. cxb3 {[%clk 0:46:35]} Bxb3
{[%clk 0:29:38]} 24. Raa1 {[%clk 0:29:58]} f5 {[%clk 0:29:54]} 25. Ng3
{[%clk 0:30:26]} f4 {[%clk 0:30:11]} 26. Ne4 {[%clk 0:30:53]} fxe3
{[%clk 0:30:30]} 27. Bxe3 {[%clk 0:31:20]} Bd5 {[%clk 0:24:34]} 28. Qg4
{[%clk 0:30:14]} Kh7 {[%clk 0:24:34]} 29. Rec1 {[%clk 0:30:36]} a4
{[%clk 0:20:16]} 30. h4 {[%clk 0:25:00]} h5 {[%clk 0:13:30]} 31. Qf3
{[%clk 0:24:58]} Be7 {[%clk 0:13:14]} 32. Bg5 {[%clk 0:22:38]} Rf8
{[%clk 0:11:04]} 33. Qe3 {[%clk 0:15:51]} a3 {[%clk 0:09:17]} 34. bxa3
{[%clk 0:16:09]} bxa3 {[%clk 0:09:34]} 35. Nc3 {[%clk 0:08:47]} Bxg5
{[%clk 0:08:56]} 36. hxg5 {[%clk 0:09:14]} Qd6 {[%clk 0:07:29]} 37. Nxd5
{[%clk 0:08:30]} cxd5 {[%clk 0:07:12]} 38. d4 {[%clk 0:05:38]} e4
{[%clk 0:07:28]} 39. g3 {[%clk 0:05:24]} Rf3 {[%clk 0:06:20]} 40. Qe2
{[%clk 0:05:51]} h4 {[%clk 0:02:51]} 41. Rc2 {[%clk 0:02:23]} hxg3
{[%clk 0:02:59]} 42. Qf1 {[%clk 0:00:39]} gxf2+ {[%clk 0:03:13]} 43. Rxf2
{[%clk 0:01:03]} Qg3+ {[%clk 0:03:29]} 44. Qg2 {[%clk 0:01:23]} Qxf2+
{[%clk 0:03:51]} 45. Qxf2 {[%clk 0:01:47]} Rxf2 {[%clk 0:04:17]} 46. Kxf2
{[%clk 0:02:07]} a2 {[%clk 0:04:45]} 47. Ke3 {[%clk 0:02:28]} Kg7
{[%clk 0:04:51]} 48. Kf4 {[%clk 0:02:19]} Kf7 {[%clk 0:05:10]} 49. Ke5
{[%clk 0:02:38]} Ra5 {[%clk 0:05:17]} 50. Rf1+ {[%clk 0:02:47]} Ke7
{[%clk 0:05:42]} 51. Ra1 {[%clk 0:03:14]} e3 {[%clk 0:06:05]} 0-1

[Event "TNMH"]
[Site "Aveiro"]
[Date "2023.12.22"]
[Round "9.5"]
[White "Ribeiro, Fernando"]
[Black "Goncalves, Samuel"]
[Result "1/2-1/2"]
[BlackElo "2165"]
[WhiteElo "2186"]
[LiveChessVersion "1.4.8"]

1. e4 c6 2. d4 d5 3. Nd2 dxe4 4. Nxe4 Nf6 5. Nxf6+ exf6 6. c3 Bd6 7. Bd3 O-O 8.
Ne2 Re8 9. O-O Nd7 10. Ng3 g6 11. Ne4 Be7 1/2-1/2

[Event "TNMH"]
[Site "Aveiro"]
[Date "2023.12.22"]
[Round "9.6"]
[White "Sousa, Pedro"]
[Black "Matos, Joao"]
[Result "0-1"]
[BlackElo "1636"]
[WhiteElo "1170"]
[LiveChessVersion "1.4.8"]

1. e4 {[%clk 1:20:06]} c5 {[%clk 1:30:47]} 2. c3 {[%clk 1:20:07]} d5
{[%clk 1:31:00]} 3. exd5 {[%clk 1:20:29]} Qxd5 {[%clk 1:31:23]} 4. d4
{[%clk 1:20:46]} cxd4 {[%clk 1:31:14]} 5. cxd4 {[%clk 1:21:08]} Nc6
{[%clk 1:31:31]} 6. Nf3 {[%clk 1:21:28]} e5 {[%clk 1:31:45]} 7. Nc3
{[%clk 1:20:49]} Bb4 {[%clk 1:28:28]} 8. Bd2 {[%clk 1:20:17]} Bxc3
{[%clk 1:28:15]} 9. Bxc3 {[%clk 1:20:39]} e4 {[%clk 1:27:44]} 10. Ne5
{[%clk 1:20:17]} Nxe5 {[%clk 1:27:13]} 11. dxe5 {[%clk 1:19:03]} Ne7
{[%clk 1:26:36]} 12. Qxd5 {[%clk 1:10:36]} Nxd5 {[%clk 1:26:56]} 13. Bb5+
{[%clk 1:10:44]} Bd7 {[%clk 1:26:59]} 14. Bxd7+ {[%clk 1:10:58]} Kxd7
{[%clk 1:27:20]} 15. O-O-O {[%clk 1:11:17]} Ke6 {[%clk 1:27:22]} 16. Bd4
{[%clk 1:10:22]} Nf4 {[%clk 1:24:49]} 17. Kb1 {[%clk 1:07:08]} Nd3
{[%clk 1:23:09]} 18. f3 {[%clk 1:05:09]} Rhd8 {[%clk 1:22:49]} 19. Bc3
{[%clk 1:03:40]} Nxe5 {[%clk 1:19:39]} 20. Rxd8 {[%clk 1:02:43]} Rxd8
{[%clk 1:19:58]} 21. Re1 {[%clk 1:03:07]} f5 {[%clk 1:14:23]} 22. fxe4
{[%clk 1:02:50]} f4 {[%clk 1:14:34]} 23. Rf1 {[%clk 0:56:16]} g5 {[%clk 1:11:54]}
24. h4 {[%clk 0:54:14]} h6 {[%clk 1:11:07]} 25. hxg5 {[%clk 0:54:05]} hxg5
{[%clk 1:11:29]} 26. Rh1 {[%clk 0:54:26]} Rg8 {[%clk 1:08:49]} 27. Kc2
{[%clk 0:43:02]} Ng4 {[%clk 1:02:44]} 28. Kd2 {[%clk 0:39:45]} Rg6
{[%clk 0:54:13]} 29. Rh7 {[%clk 0:36:33]} Rh6 {[%clk 0:53:49]} 30. Rxb7
{[%clk 0:36:00]} Rh2 {[%clk 0:53:49]} 31. Ke2 {[%clk 0:35:07]} Rxg2+
{[%clk 0:53:37]} 32. Kf3 {[%clk 0:35:25]} Rg3+ {[%clk 0:53:28]} 33. Ke2
{[%clk 0:34:00]} Re3+ {[%clk 0:53:24]} 34. Kf1 {[%clk 0:34:01]} Rxe4
{[%clk 0:52:43]} 35. Rxa7 {[%clk 0:33:18]} Ne3+ {[%clk 0:49:02]} 36. Kg1
{[%clk 0:31:46]} f3 {[%clk 0:48:03]} 37. Ra6+ {[%clk 0:30:49]} Kf5
{[%clk 0:47:15]} 38. Rf6+ {[%clk 0:30:51]} Kg4 {[%clk 0:47:12]} 39. b4
{[%clk 0:29:41]} Nd5 {[%clk 0:40:51]} 0-1

[Event "TNMH"]
[Site "Aveiro"]
[Date "2023.12.22"]
[Round "9.7"]
[White "Ferreira, Vasco"]
[Black "Tribuzi, Carlos"]
[Result "1-0"]
[BlackElo "1526"]
[WhiteElo "1561"]
[LiveChessVersion "1.4.8"]

1. e4 {[%clk 1:30:57]} c5 {[%clk 1:30:55]} 2. Nf3 e6 {[%clk 1:31:07]} 3. d4
{[%clk 1:31:20]} cxd4 {[%clk 1:31:32]} 4. Nxd4 {[%clk 1:31:43]} Nc6
{[%clk 1:31:56]} 5. Nc3 {[%clk 1:27:55]} Qc7 {[%clk 1:32:11]} 6. Ndb5
{[%clk 1:21:05]} Qb8 {[%clk 1:31:33]} 7. Be3 {[%clk 1:13:57]} a6 {[%clk 1:28:13]}
8. Bb6 {[%clk 1:04:33]} axb5 {[%clk 1:23:03]} 9. Nxb5 {[%clk 1:04:45]} Ra6
{[%clk 1:05:43]} 10. Nc7+ {[%clk 1:02:26]} Ke7 {[%clk 1:05:12]} 11. Bc5+
{[%clk 1:00:22]} Kd8 {[%clk 1:01:46]} 12. Nxa6 {[%clk 0:58:04]} bxa6
{[%clk 0:54:32]} 13. Bxf8 {[%clk 0:57:52]} Qe5 {[%clk 0:53:42]} 14. Be2
{[%clk 0:45:47]} Nf6 {[%clk 0:51:20]} 15. Bd6 {[%clk 0:37:51]} Qxe4
{[%clk 0:49:21]} 16. Qd3 {[%clk 0:34:48]} Qh4 {[%clk 0:39:11]} 17. g3
{[%clk 0:29:43]} Qa4 {[%clk 0:35:06]} 18. O-O {[%clk 0:24:59]} h5
{[%clk 0:33:59]} 19. Qb3 {[%clk 0:21:53]} Qa5 {[%clk 0:27:41]} 20. c3
{[%clk 0:20:10]} h4 {[%clk 0:25:24]} 21. Qa3 {[%clk 0:18:43]} Qg5
{[%clk 0:23:10]} 22. Bf4 {[%clk 0:18:00]} Qg6 {[%clk 0:21:47]} 23. Bf3
{[%clk 0:16:01]} hxg3 {[%clk 0:20:17]} 24. fxg3 {[%clk 0:16:04]} Nh5
{[%clk 0:18:52]} 25. Bxc6 {[%clk 0:15:54]} Nxf4 {[%clk 0:15:50]} 26. Rxf4
{[%clk 0:16:12]} Rh3 {[%clk 0:07:42]} 27. Qf8+ {[%clk 0:12:44]} Kc7
{[%clk 0:07:50]} 28. Bg2 {[%clk 0:12:53]} Rxh2 {[%clk 0:06:19]} 29. Rc4+
{[%clk 0:13:07]} Kb6 {[%clk 0:06:11]} 30. Qc5# {[%clk 0:13:23]} 1-0

[Event "TNMH"]
[Site "Aveiro"]
[Date "2023.12.22"]
[Round "9.8"]
[White "Ermida, Ricardo"]
[Black "Marques, Pedro"]
[Result "1-0"]
[BlackElo "1751"]
[WhiteElo "1700"]
[LiveChessVersion "1.4.8"]

1. e4 {[%clk 1:30:57]} c5 {[%clk 1:30:17]} 2. Nf3 {[%clk 1:31:19]} a6
{[%clk 1:27:36]} 3. c3 {[%clk 1:31:06]} d5 {[%clk 1:24:49]} 4. exd5
{[%clk 1:31:28]} Qxd5 {[%clk 1:25:05]} 5. d4 {[%clk 1:31:41]} Nc6
{[%clk 1:16:57]} 6. Be2 {[%clk 1:27:31]} cxd4 {[%clk 1:15:00]} 7. cxd4
{[%clk 1:27:43]} e6 {[%clk 1:12:16]} 8. Nc3 {[%clk 1:27:57]} Bb4 {[%clk 1:10:30]}
9. O-O {[%clk 1:28:10]} Qa5 {[%clk 1:05:28]} 10. Bd2 {[%clk 1:24:23]} Qd8
{[%clk 1:04:40]} 11. a3 {[%clk 1:21:41]} Ba5 {[%clk 1:02:18]} 12. b4
{[%clk 1:20:40]} Bb6 {[%clk 1:00:20]} 13. Be3 {[%clk 1:16:07]} Nge7
{[%clk 0:58:23]} 14. Bd3 {[%clk 1:11:24]} Nd5 {[%clk 0:52:17]} 15. Nxd5
{[%clk 1:07:30]} Qxd5 {[%clk 0:49:20]} 16. Qc2 {[%clk 1:01:35]} Nxd4
{[%clk 0:34:22]} 17. Bxd4 {[%clk 0:52:41]} Bxd4 {[%clk 0:34:23]} 18. Bc4
{[%clk 0:52:49]} Qd6 {[%clk 0:28:52]} 19. Rad1 {[%clk 0:53:05]} e5
{[%clk 0:28:33]} 20. Nxe5 {[%clk 0:53:02]} Qb6 {[%clk 0:24:17]} 21. Nxf7
{[%clk 0:51:10]} 1-0

[Event "TNMH"]
[Site "Aveiro"]
[Date "2023.12.22"]
[Round "9.9"]
[White "Justino, Francisco"]
[Black "Meuter, Alain"]
[Result "1-0"]
[BlackElo "1392"]
[WhiteElo "1392"]
[LiveChessVersion "1.4.8"]

1. d4 {[%clk 1:29:16]} Nf6 {[%clk 1:30:47]} 2. c4 {[%clk 1:29:25]} g6
{[%clk 1:31:09]} 3. Nc3 {[%clk 1:29:40]} d5 {[%clk 1:31:09]} 4. cxd5
{[%clk 1:29:58]} Nxd5 {[%clk 1:31:30]} 5. e4 {[%clk 1:30:21]} Nxc3
{[%clk 1:31:51]} 6. bxc3 {[%clk 1:30:42]} c5 {[%clk 1:31:57]} 7. Nf3
{[%clk 1:30:21]} Bg7 {[%clk 1:32:11]} 8. h3 {[%clk 1:25:15]} O-O {[%clk 1:29:26]}
9. Be3 Qa5 {[%clk 1:27:25]} 10. Qd2 {[%clk 1:18:19]} Nc6 {[%clk 1:23:41]} 11. Bc4
{[%clk 1:03:39]} Rd8 {[%clk 1:14:31]} 12. Rd1 {[%clk 1:03:10]} b6
{[%clk 0:58:26]} 13. O-O {[%clk 0:58:08]} Bb7 {[%clk 0:58:10]} 14. Bh6
{[%clk 0:53:26]} cxd4 {[%clk 0:57:47]} 15. Bxg7 {[%clk 0:52:28]} Kxg7
{[%clk 0:56:21]} 16. Qf4 {[%clk 0:47:28]} Rf8 {[%clk 0:53:44]} 17. cxd4
{[%clk 0:46:16]} Rac8 {[%clk 0:52:55]} 18. Ng5 {[%clk 0:40:39]} Nd8
{[%clk 0:50:53]} 19. Bb3 {[%clk 0:39:17]} h6 {[%clk 0:49:43]} 20. Nf3
{[%clk 0:37:32]} e6 {[%clk 0:38:02]} 21. Rc1 {[%clk 0:29:41]} Nc6
{[%clk 0:36:11]} 22. d5 {[%clk 0:27:47]} exd5 {[%clk 0:34:28]} 23. exd5
{[%clk 0:27:58]} Nb4 {[%clk 0:32:22]} 24. Rxc8 {[%clk 0:27:34]} Rxc8
{[%clk 0:30:37]} 25. d6 {[%clk 0:27:45]} Bd5 {[%clk 0:28:52]} 26. Qe5+
{[%clk 0:26:02]} Kg8 {[%clk 0:27:33]} 27. d7 {[%clk 0:25:41]} Rf8
{[%clk 0:27:18]} 28. Qe8 {[%clk 0:22:00]} b5 {[%clk 0:25:34]} 29. Rc1
{[%clk 0:20:38]} Bb7 1-0